[Event "Danzhou 7th"]
[Site "Danzhou"]
[Date "2016.07.08"]
[Round "1"]
[White "Nepomniachtchi, Ian"]
[Black "Ding, Liren"]
[Result "1-0"]
[WhiteElo "2725"]
[BlackElo "2778"]
[Annotator "Postny,E"]
[PlyCount "79"]
[EventDate "2016.07.08"]
[EventType "tourn"]
[EventRounds "9"]
[EventCountry "CHN"]
[EventCategory "20"]
[SourceTitle "CBM 174"]
[Source "ChessBase"]
[SourceDate "2016.09.13"]
[SourceVersion "1"]
[SourceVersionDate "2016.09.13"]
[SourceQuality "1"]

1. e4 e5 2. Nf3 Nc6 3. d4 exd4 4. Nxd4 Bc5 5. Nxc6 {Nepomniachtchi plays the
Scotch regularly and in Danzhou won two games in this line.} bxc6 {Two rounds
later Wang Yue chose the main move 5...Qf6.} (5... Qf6 6. Qf3 dxc6 7. Nc3 Be6
8. a3 O-O-O 9. Be3 Qe5 10. Bd3 Nf6 11. h3 Nd7 12. Bf4 Qf6 13. Qg3 Bd4 14. O-O
Be5 15. Bxe5 Nxe5 16. Rad1 g5 $132 {1-0 (85) Nepomniachtchi,I (2725)-Wang,Y 
(2730) Danzhou 2016}) 6. Bd3 d6 (6... Qh4 7. Qe2 (7. O-O Nf6 8. Qf3 {appeared
in numerous games as well}) 7... Nf6 8. h3 (8. Be3 Bxe3 9. Qxe3 O-O {is
approximately equal}) 8... d5 $1 9. exd5+ Kd8 {At first sight wild play by the
second player, but in fact it leads to a draw, nearly by force!} 10. O-O Bxh3
$1 11. Qe5 $1 Bxg2 12. Kxg2 Bd6 13. Qf5 Qh2+ 14. Kf3 Re8 15. Bg5 Qh5+ 16. Kg2
Qh2+ 17. Kf3 Qh5+ $11 {1/2-1/2 (20) Nataf,I (2541)-Istratescu,A (2667)
Saint-Quentin 2014}) 7. h3 $146 {It's hard to understand why this move should
be useful right now. Probably Ian just wanted to deviate from his previous
games, not to check what Ding had prepared at home.} (7. Qe2 Qe7 (7... Nf6 8.
Bg5 Qe7 9. Nc3 Bd4 10. Na4 Qe5 11. Bd2 a5 12. f4 Qe7 13. h3 $14 {1-0 (30)
Nepomniachtchi,I (2710)-Zhigalko,S (2677) Bilbao 2014}) 8. Nd2 Nf6 9. Nb3 Bb6
10. a4 a5 11. Be3 Bxe3 12. Qxe3 O-O 13. O-O Be6 $11 {1-0 (61) Nepomniachtchi,I
(2730)-Sargissian,G (2686) Dubai 2014}) 7... Ne7 (7... Nf6 {is perfectly
playable as well.}) 8. Nc3 Ng6 9. Na4 Bd4 10. c3 Bf6 {Black saved his bishop,
while the white knight is misplaced on a4.} 11. O-O Ne5 ({Probably Black
didn't like that after} 11... O-O 12. f4 {his knight has no real prospects.})
12. Be2 ({I guess, after} 12. Bc2 {the Chinese grandmaster planned} g5 $1 {
with good counterplay. After} 13. f4 gxf4 14. Bxf4 Rg8 {the complications seem
to be in Black's favour.}) 12... O-O ({Now} 12... g5 $6 {would be less
effective, as Black is not threatening h7-h5 or g5-g4. The bishop on e2 is
very useful.}) 13. f4 Nd7 14. Qc2 c5 15. Bf3 $6 (15. e5 $1 {is an engine
suggestion, but for a human player this pawn sacrifice looks rather murky.
Objectively, after} dxe5 16. Be3 Qe7 17. Bd3 h6 18. Rae1 {White has wonderful
compensation.}) 15... Rb8 (15... Bb7 16. Be3 Re8 17. Rfe1 Bc6 {The position is
rather equal, but I would prefer to be on the black side.}) 16. Be3 Ba6 (16...
g5 {is a wild engine move, but I doubt that any human player would dare to
play this, weakening his own king. Black's position is okay and such drastic
measures are not necessary.}) 17. Rfd1 Qe7 18. Bf2 Bb5 19. Rab1 Nb6 20. Nxb6 (
20. Nxc5 $1 {was a better way to exchange.} dxc5 21. e5 Bh4 22. g3 {getting
back the piece. White's kings' shelter will be somewhat weakened, but the pair
of bishops covers it well. Meanwhile, Black's queenside structure is a
disaster.}) 20... axb6 {Black improved his structure and has nothing to
complain about.} 21. Re1 Bc4 22. b3 Be6 23. a4 Rfd8 $6 {After this move
Black's position suddenly starts to deteriorate.} (23... g6 {was far more
useful to secure the dark-squared bishop.} 24. b4 Bg7 25. a5 $140 Qf6 {[%csl
Rc3,Rf4]}) 24. b4 $1 Bc4 $6 ({Again} 24... g6 {was better, but after} 25. a5 {
this pawn is a source of worry for Black.}) 25. bxc5 bxc5 (25... dxc5 26. e5
Bd3 27. Qc1 Bxb1 28. Qxb1 Bh4 29. g3 {and eventually the pair of bishops will
outplay Black's rook + pawn.}) 26. Rxb8 Rxb8 27. e5 $1 dxe5 28. fxe5 Bg5 (28...
Bxe5 $2 {loses a piece after} 29. Qe4) 29. a5 (29. h4 Bh6 30. Qe4 $16) 29... g6
(29... Qe6 30. Qe4 $16) 30. Qe4 Qe6 31. Bxc5 h5 32. Bd4 Rb3 $6 {It's
understandable that Ding is looking for active counterplay, even though it
doesn't really work.} ({The passive defense after} 32... Kg7 33. Ra1 Ba6 {
is unpleasant, of course.}) 33. Ra1 c5 34. a6 $6 (34. Bxc5 Rxc3 35. Bd4 $1 Rd3
(35... Rb3 36. a6 Bxa6 37. Qa8+ Bc8 38. Bd5 Qd7 39. Rf1 $18) 36. Rb1 {White
has a passed pawn and an attack. 37.Rb8 or 37.Rb6 is coming.}) 34... Bxa6 35.
Qa8+ Qc8 $2 (35... Kg7 $1 {could keep Black still in the game. The variations
are not easy to calculate:} 36. Bd5 (36. Rxa6 $2 Rb1+ 37. Kh2 Qf5 38. Rf6 (38.
Bf2 Bf4+ 39. g3 h4 $1 40. gxf4 Qxf4+ 41. Kg2 Qc1 42. Kh2 Qf4+ 43. Kg2 Qc1 $11)
38... Bf4+ 39. g3 Bxg3+ $1 40. Kxg3 Qg5+ 41. Kh2 cxd4 42. Rxf7+ Kxf7 43. Qa2+
Kg7 44. Qxb1 Qxe5+ 45. Kh1 dxc3 {This position will result in a draw,
considering that the h8 corner is unavailable for White's bishop.}) 36... Qb6
37. Bxb3 (37. Rxa6 $2 Rb1+ 38. Kh2 Bf4+ 39. g3 Qb2+ 40. Bg2 cxd4 41. gxf4 Qc1 {
and it's already White who needs to save himself}) 37... cxd4 38. Qxa6 Qxb3 39.
cxd4 Qe3+ 40. Kh1 Qxd4 {It will be very difficult for White to win this
position. For instance, if we swap queens and e- and f-pawns, the endgame is
theoretically drawish. Therefore, Black has decent chances to save half a
point.}) 36. Rxa6 Rb8 37. Bf2 {Probably Ding just overlooked that he is not
threatening to take white's queen. White is now simply a piece up.} Kg7 (37...
Rxa8 38. Rxa8 $18) 38. Qc6 Rb1+ 39. Kh2 Qf5 40. Qe4 1-0

[Event "Moscow Tal Memorial 4th"]
[Site "Moscow"]
[Date "2009.11.05"]
[Round "1"]
[White "Morozevich, Alexander"]
[Black "Leko, Peter"]
[Result "1/2-1/2"]
[WhiteElo "2750"]
[BlackElo "2752"]
[Annotator "Postny,E"]
[PlyCount "77"]
[EventDate "2009.11.05"]
[EventType "tourn"]
[EventRounds "9"]
[EventCountry "RUS"]
[EventCategory "21"]
[SourceTitle "CBM 133"]
[Source "ChessBase"]
[SourceDate "2009.11.19"]
[SourceVersion "1"]
[SourceVersionDate "2009.11.19"]
[SourceQuality "1"]

1. e4 e5 2. Nf3 Nc6 3. d4 exd4 4. Nxd4 Bc5 5. Nxc6 Qf6 6. Qf3 {A common line
nowadays. White is ready to swap queens and play for a minimal advantage.} bxc6
{Leko already has a big experience in this line.} 7. Nc3 {Another main option
is 7.Nd2 with an idea to recapture on f3 with a knight.} (7. Nd2 Qxf3 8. Nxf3
Nf6 9. Bd3 d5 10. exd5 cxd5 11. O-O O-O 12. Re1 Bb7 13. Be3 Bd6 14. Bd4 c5 15.
Bxf6 gxf6 16. c4 dxc4 17. Bxc4 Bxf3 18. gxf3 Be5 $11 {1/2-1/2 Ivanchuk,V (2787)
-Leko,P (2755)/Mukachevo 2007/CBM 121 (37)}) 7... d6 (7... Qxf3 8. gxf3 Ne7 {
appeared in practice several times, but Leko does not want to open the "g"
line for white's rook.}) 8. Qg3 Qg6 9. Bd2 $1 {Morozevich adopts a good plan
with castling to the queenside.} (9. Bd3 Nf6 10. Na4 Bd4 11. c3 Bb6 12. f3 Nd7
13. Bf4 f6 14. Bc4 Ne5 15. Qxg6+ {1/2-1/2 Radjabov,T (2761)-Aronian,L (2750)/
Wijk aan Zee NED 2009/The Week in Chess 741}) 9... Nf6 ({Worth checking in
practice} 9... Ne7 {followed by 10...0-0 and 11...f5.}) 10. f3 O-O {Black,
obviously, should not take on g3, not to open the "h" line for white's rook.}
11. O-O-O Nd7 {This move seems a bit unnatural to me.} (11... Rb8 12. Na4 Qxg3
13. hxg3 Bf2 14. g4 (14. Ba5 Bxg3 15. Bxc7 Bf4+ 16. Kb1 Rb7 17. Ba5 $14 (17.
Bxd6 $4 Rd7 $19 (17... Rd8 $4 18. Ba6 $16))) 14... Nxg4 15. fxg4 Bxg4 16. Bd3
Bxd1 17. Kxd1 $14 {White's position is preferable thanks to the pair of
bishops.}) (11... a5 {[%cal Gc8a6] Leko adopted this idea a couple of moves
later, it was possible to play it right away.}) 12. Qxg6 hxg6 13. h4 $1 $14 a5
(13... Nf6 14. g4 $36 {with the idea 15.h5 gxh5 16.g5.}) 14. h5 gxh5 15. Rxh5
g6 16. Rh2 Bg1 $2 {Where?} (16... Bd4 {immediatly transfering the bishop to
the long diagonal was called for.}) 17. Rh1 $2 {I am surprised that such a
creative player as Morozevich missed such a chance.} (17. Rh6 $1 {The
following spectacular variations confirm that Black is in serious trouble.} Bd4
(17... Kg7 $2 18. Rh1 $18 {[%csl Rg1][%cal Gd2h6]}) 18. Bc4 {[%csl Rg6]} Kg7 (
18... d5 19. exd5 Nb6 20. Bg5 $1 Bg7 21. Rh4 $16) 19. Rdh1 Ba6 (19... Nb6 20.
Bd3 Kg8 21. Ne2 Bg7 22. Bc3 $1 Bxh6+ (22... Bxc3 23. Nxc3 Kg7 24. f4 $16) 23.
Rxh6 f6 24. Nf4 $40) 20. Bd5 $3 cxd5 21. Rh7+ Kg8 (21... Kf6 22. Nxd5+ Ke5 23.
Bf4+ Ke6 24. Nxc7+ Ke7 25. Bg5+ Nf6 26. Nxa8 Rxa8 27. Rh8 Ra7 28. c3 Bc5 29.
Kd2 Rb7 30. b3 $16) 22. Nxd5 Rae8 23. Bc3 $1 Bxc3 24. bxc3 g5 $8 25. Nxc7 Nf6
26. Rh8+ Kg7 27. Nxe8+ Rxe8 28. Rxe8 Nxe8 29. Kd2 $16) 17... Bd4 {Now the
position is back to normal. White is slightly better, but not more than that.}
18. a4 Bg7 19. b3 {White has superior pawn structure, but it's dificult to
make any progress for him. Morozevich will try to launch an assault against
the black king, even without a presense of queens on the board.} Ne5 $6 {
The knight has no real prospects on e5.} ({The following line is logical:} 
19... Re8 20. Be2 Ba6 21. Bxa6 Rxa6 22. Rh3 Nc5 23. Rdh1 Raa8 {Compared to the
continuation in the game Black would have a couple of tempoes more. He should
prepare the d6-d5 advance.}) 20. Be2 Ba6 21. Bxa6 Rxa6 22. Rh3 Re8 23. Rdh1 Nd7
{Finally transfering the knight to a better pastures.} 24. g4 Raa8 25. g5 Nc5
26. Ne2 {White managed to achieve a very promising attacking position.} Ne6 27.
f4 $6 {This move is calling for, but not the best one.} (27. Ng3 $1 d5 {
[%tqu "En","What was the idea of 27.Ng3?","","","g3f5","",10]} 28. Nf5 $1 gxf5
(28... Be5 29. Nh6+ Kf8 30. Ng4 Bf4 31. Bxf4 Nxf4 32. Rh7 Ne6 33. f4 $1 Ke7 34.
Nh6 Rf8 35. exd5 cxd5 36. Re1 Rae8 37. f5 gxf5 38. Re5 Kd6 39. Rxf5 $16) 29.
exf5 Nd4 (29... Nxg5 $2 30. Bxg5 f6 31. Bh6 $18) 30. f6 Nf5 31. fxg7 Kxg7 32.
Rh7+ Kg6 33. R1h6+ $1 Nxh6 34. Rxh6+ Kg7 (34... Kf5 35. Rf6+ Ke5 {[%tqu "En",
"Create a mating net.","","","c2c3","",5]} 36. c3 $1 {[%cal Rd2f4]} d4 37. c4
$1 {[%cal Rd2f4]} d3 38. Bc3# {Superb mating net in the center of the board!})
35. Bc3+ f6 $8 36. f4 $1 Kf7 37. Rxf6+ Ke7 38. Rxc6 $18) 27... Nc5 28. f5 (28.
Bc3 Bxc3 29. Nxc3 Kf8 30. f5 Ke7 31. fxg6 Rg8 32. gxf7 Rxg5 $11) 28... gxf5 29.
exf5 Rxe2 30. f6 Rxd2 $2 (30... Ne4 $1 31. fxg7 Ra7 $1 32. g6 $1 {The best
chance. Otherwise, White has to give a perpetual check.} Kxg7 33. Rh7+ Kxg6 34.
R1h6+ Kf5 35. Rxf7+ Ke5 36. Bf4+ Kd4 37. Re7 Ra8 38. Rh3 Re1+ 39. Kb2 Nf2 $1
40. c3+ Kc5 41. Rxe1 Nxh3 42. Be3+ Kd5 43. c4+ Ke6 44. Rh1 Rh8 45. Bd2 Rh5 $11
{The whole line seems frightening for Black. Even though it seems to work,
it's understandable that Leko avoided it, especially in conditions of
time-trouble.}) 31. Rh7 $2 (31. fxg7 {was as simple as strong.} Rxc2+ (31...
Rg2 32. Rh8+ Kxg7 33. Rxa8 Rxg5 {keeping the rook is better, at least from
practical point of view. Still, White has good winning chances here.}) 32. Kxc2
Ra7 (32... Ra6 33. Rh8+ Kxg7 34. Re8 Ne6 35. Rhh8 Nxg5 36. Ra8 Rb6 37. Rhb8 $18
) (32... Kxg7 33. Rh7+ Kg6 34. Rh8 Rxh8 35. Rxh8 Kxg5 36. Ra8 $18 {[%csl Ga4,
Ra5]}) 33. Rh8+ Kxg7 34. Re8 Ne6 35. Rhh8 Nxg5 36. Ra8 Rb7 37. Rhb8 Rxb8 38.
Rxb8 $18 {In all the lines white's plan is simple - to swap rook, to grab the
Pa5, to push forward his "a" pawn.}) 31... Rxc2+ 32. Kxc2 Ne6 33. fxg7 Ra7 $1
34. R1h5 $6 (34. Rh8+ Kxg7 35. Re8 Nxg5 (35... Rb7 36. Rhh8 Kg6 37. Rb8) 36.
Rhh8 {in both lines trapping the rook for an exchange. Even with a tempi less
compared to the line 31.fxg7, Morozevich should have tried this.}) 34... Rb7 {
Now Black is safe. White has no more than a perpetual check.} 35. Kc3 c5 36.
Rh8+ Kxg7 37. R8h7+ Kg8 38. Rh8+ Kg7 39. R8h7+ 1/2-1/2

[Event "Sigeman & Co 09th"]
[Site "Malmo"]
[Date "2001.06.15"]
[Round "4"]
[White "Hector, Jonny"]
[Black "Wedberg, Tom Birger"]
[Result "0-1"]
[WhiteElo "2546"]
[BlackElo "2505"]
[Annotator "Postny,E"]
[PlyCount "112"]
[EventDate "2001.06.12"]
[EventType "tourn"]
[EventRounds "9"]
[EventCountry "SWE"]
[EventCategory "13"]
[SourceTitle "CBM 084"]
[Source "ChessBase"]
[SourceDate "2001.09.13"]
[SourceVersion "1"]
[SourceVersionDate "2001.09.13"]
[SourceQuality "1"]

1. e4 e5 2. Nf3 Nc6 3. d4 exd4 4. Nxd4 Nf6 5. Nxc6 bxc6 6. e5 Qe7 7. Qe2 Nd5 8.
c4 Nb6 {8...Ba6 is the alternative option.} 9. Nd2 ({Other possibilities are:} 
9. b3) (9. Nc3) 9... a5 10. g3 Qe6 11. b3 a4 12. Bb2 Bb4 13. Bg2 a3 $6 (13...
O-O 14. O-O d5 15. Nf3 (15. f4 $142 {Dautov}) 15... a3 16. Bd4 c5 17. Be3 Ba6
18. Qc2 Qg6 19. Qxg6 hxg6 20. Rfc1 dxc4 21. Nd2 Rae8 $15 {1/2-1/2 Nielsen,
PH-Dautov,R /Bad Lauterberg 1991 (42)}) 14. Bd4 c5 {This is the logical
continuation of the previous move. However it looks like white has preferable
position.} (14... O-O 15. O-O d5 16. f4 Qg6 17. Qf2 $1 (17. Bxb6 $6 cxb6 18.
cxd5 Bg4 19. Bf3 Bxf3 20. Nxf3 Bc5+ 21. Kg2 cxd5 $13) 17... Bxd2 18. Qxd2 dxc4
19. Bc5 Re8 20. bxc4 Nxc4 21. Qc3 Ba6 22. f5 Qh6 23. e6 $16) 15. Be3 $6 $146 ({
The most critical line naturally is:} 15. Bxa8 Nxa8 16. Be3 Bb7 17. f3 O-O 18.
O-O Qxe5 19. Qd3 d6 20. Rae1 Nb6 21. Bf4 Qf6 22. Ne4 $14 {0-1 Mastoras,
I-Barkhagen,J/Gausdal 1992/TD (42)}) 15... Qxe5 16. O-O d5 $1 {Sacrificing a
pawn back, black consolidates his position.} (16... Ra7 $6 {is too naive a
move to be good! After} 17. f4 Qe7 18. f5 {white has dangerous initiative.})
17. cxd5 Ba6 18. Nc4 Nxc4 19. bxc4 O-O 20. Rab1 {[%cal Yb1b3]} Rfe8 21. Rb3 Qd6
$6 {This is the wrong square for the queen.} (21... Qf5 {was preferable
keeping the diagonal h7-b1 under control. Black isn't worse.}) 22. Rc1 Bc8 {
[%csl Gf5][%cal Yc8f5]} (22... Re7 {[%cal Ya8e8]} 23. Qc2 Rae8 24. Bf4 Re1+ 25.
Bf1 Qg6 26. Qxg6 hxg6 27. Re3 $1 $14) 23. Qd3 Bg4 24. h3 Bh5 25. f4 $6 {
[%csl Re3] After this dubious move black's pressure on the "e" file will
become an important factor in the position.} (25. Be4 $142 $14) 25... f6 26. g4
(26. Be4 $2 h6 {[%csl Re3,Re4,Ge8]} 27. g4 Bf7 28. Bg6 Bxg6 29. Qxg6 Re7 $17 {
[%cal Ga8e8]}) 26... Bf7 27. Rf1 $1 {/\f4-f5 following by Bf4.} c6 ({Possibly
was:} 27... Re7 28. f5 {[%cal Ge3f4]} Rae8 29. Bf4 Qa6 30. Bf3 {[%csl Ye2]
[%cal Yf3e2]} c6 $2 {This is exactly the sort of move that black shouldn't
make in this position. If black leaves the "status quo" on, the position is
dinamically balanced, for example 30...h6.} 31. dxc6 Qxc4 32. Bd6 Re1 33. Rxe1
Rxe1+ 34. Kf2 {[%csl Gc6] and the Pc6 will decide the game in white's favour.}
Re8 35. c7 Qc1) 28. Bf2 $2 {A completely irrelevant move that doesn't take
into account the peculiarities of the position.} ({The correct move would have
been the simple} 28. Rd1 {and after} cxd5 (28... Rad8 $2 29. dxc6 Qxd3 30.
Rbxd3 Rxd3 31. Rxd3 Bxc4 32. Bd5+ Bxd5 33. Rxd5 $16) 29. Bxd5 Bxd5 30. Qxd5+
Qxd5 31. cxd5 (31. Rxd5 $6 Re4) 31... Rab8 {the endgame is approximately equal.
}) 28... Rad8 {Now one of the white pawns has to fall.} 29. Rd1 (29. f5 cxd5
30. cxd5 Bxd5 31. Rd1 c4 32. Bxd5+ Qxd5 33. Qxd5+ Rxd5 34. Rxd5 cxb3 35. axb3
Bc3 $19) 29... cxd5 30. cxd5 Qxf4 {White has no compensation for the pawn.} 31.
Bg3 Qg5 32. Bc7 Rd7 33. Qg3 Qg6 $1 {[%csl Gc2][%cal Gg6c2]} 34. d6 Qc2 ({
Of course not} 34... Bxb3 $2 35. Qxb3+ {[%cal Gg2c6]}) 35. Rbb1 Bxa2 {The
white's queenside belongs to history...} 36. Rbc1 Qa4 {covering c6 square.} 37.
Qd3 Bf7 38. Be4 g6 39. Qf3 Rxe4 $1 (39... Qb3 {is less convincing:} 40. Qxb3
Bxb3 41. Bc6) 40. Qxe4 a2 41. Qf3 Qa3 $2 (41... Ba3 42. Ra1 Bb2 43. Qe3 Bb3 $19
) 42. Kg2 $2 (42. Qxf6 Bd2 $1 {-+->}) ({The only chance was:} 42. Rf1 $1 Qxf3 (
42... c4 $2 43. Qxa3 Bxa3 44. Rc2 c3 45. Rxc3 Bb2 46. Rcc1 Bxc1 47. Rxc1) 43.
Rxf3 Kg7 44. Ra1 {White still retains some small drawing chances.}) 42... Qxf3+
43. Kxf3 Bb3 44. Rf1 c4 {Winning Pd6 and the game.} 45. Ke4 Bxd6 46. Bxd6 Rxd6
47. h4 Kf7 48. g5 f5+ 49. Ke5 Rd2 50. Rf4 Rb2 ({I would prefer} 50... Rd1 51.
Rf1 Rxf1 52. Rxf1 Bc2 53. Ra1 Bb1) 51. Rff1 Rh2 52. Kd6 Rxh4 53. Rh1 Rxh1 54.
Rxh1 Kg7 55. Kd7 Bc2 56. Kd8 h6 $1 (56... Bb1 $6 57. Re1 {[%cal Ge1e7,Ge7e8,
Ge8e7]}) 0-1

[Event "Reykjavik Hrokurinn"]
[Site "Reykjavik"]
[Date "2003.02.22"]
[Round "5"]
[White "Kristjansson, Stefan"]
[Black "Shirov, Alexei"]
[Result "0-1"]
[WhiteElo "2432"]
[BlackElo "2723"]
[Annotator "Postny,E"]
[PlyCount "66"]
[EventDate "2003.02.18"]
[EventType "tourn"]
[EventRounds "9"]
[EventCountry "ISL"]
[EventCategory "15"]
[SourceTitle "CBM 094"]
[Source "ChessBase"]
[SourceDate "2003.05.26"]
[SourceVersion "1"]
[SourceVersionDate "2003.05.26"]
[SourceQuality "1"]

1. e4 e5 2. Nf3 Nc6 3. d4 exd4 4. Nxd4 Bc5 5. Be3 Qf6 6. c3 b6 $5 7. Bc4 Nge7 {
Usually this position arises after 6...Nge7 7.Bc4 b6.} 8. O-O Bb7 9. Nb5 {
This is the main line. The alternatives are examined in the survey on the
b7-b6 variation in CBM 90.} O-O-O 10. Bxc5 bxc5 11. Nd2 Ne5 $146 {[%mdl 8]
Interesting novelty. The main line is 11...a6. Also possible 11...Kb8. Here
are few recent examples:} (11... Kb8 12. Bd5 a6 13. Na3 Nxd5 14. exd5 Ne7 15.
c4 $14 {1-0 Granda Zuniga,J-Righi,E/Bled 2002/EXT 2003 (29)}) (11... a6 12. Na3
Ne5 13. f4 Nxc4 14. Naxc4 d5 15. exd5 Bxd5 16. Qg4+ Kb8 17. Ne5 Nf5 18. Rfe1 h5
19. Qe2 Qb6 20. Ndc4 Qh6 21. Rad1 Qe6 22. Na5 Qb6 23. Nac4 Qe6 24. Na5 Ne7 25.
Nxf7 Qxe2 26. Rxe2 Bxf7 27. Rxd8+ Rxd8 28. Rxe7 Rd1+ 29. Kf2 Bxa2 30. Rxg7 Rd2+
{1/2-1/2 Kummerow,H-Kritz,L/Senden 2002/CBM 90 ext (30)}) 12. f4 ({After} 12.
Nxa7+ $2 Kb8 13. Nb5 d5 14. exd5 Nxd5 {black has a strong attack.}) 12... Nxc4
13. Nxc4 d5 14. Ne5 a6 15. Qg4+ Kb8 16. Na3 (16. Nd7+ $2 Rxd7 17. Qxd7 axb5 18.
e5 Qe6 $17) 16... dxe4 $5 {[%mdl 512] Very creative play from Shirov. Black is
trying to seize the initiative at a price of exchange.} (16... h5 $13) 17. Nd7+
Rxd7 18. Qxd7 Nd5 19. Nc4 $1 (19. Rae1 Nxf4 $44) (19. Qh3 e3 $44) 19... Nxf4
20. Ne3 g5 21. Qg4 $2 {A critical mistake, which allows black to seize the
initiative and hold it till the end.} ({Logical and good was} 21. Rad1 {
not allowing black to activate his rook. White's chances seems to me
preferable.}) 21... Rd8 {[%csl Gd8]} 22. Rad1 (22. g3 $2 Bc8 {[%csl Rg4]})
22... Rd3 {[%csl Gd3]} 23. Qf5 (23. Rfe1 c4 $17 {[%cal Gf6b6] The threat 24...
Qb6 is very annoying.}) 23... Qe7 24. Rfe1 (24. Ng4 Rxd1 25. Rxd1 e3 26. Rd7
Qe8 $19 {[%csl Ge3]}) 24... f6 $1 {[%csl Rf5][%cal Gb7c8] Shirov immediatly
points out the vulnerability of white's queen.} 25. Ng4 c4 26. Ne3 (26. Qxf6
Qc5+ 27. Kh1 e3 28. Rxd3 Bxg2+ (28... Nxg2 $2 29. Rd8+ Ka7 30. Kg1 Nxe1 31. Kf1
{not so clear yet.}) 29. Kg1 cxd3 30. Nxe3 Bd5 $40) (26. Nxf6 e3 $19) 26... Qd6
{Black's attack is already irresistible.} 27. g3 (27. Kf1 Rd2 $19 {[%cal Rd6d3]
}) 27... Qb6 $19 (27... Rxe3 $2 28. Rxd6 Rxe1+ 29. Kf2 Re2+ 30. Kf1) 28. gxf4
Rxd1 29. Rxd1 Qxe3+ {The white queen is doomed.} 30. Kf1 gxf4 31. Qxf6 Bc8 32.
Qf8 Qf3+ 33. Ke1 e3 0-1